000 01130nam a2200313 i 4500
003 EG-GICUC
005 20260418102448.0
008 260418s1874 fr fr|||| 00| 0 fre d
040 _aEG-GiCUC
_bfre
_cEG-GiCUC
_dEG-GiCUC
_eRda
041 _afre
082 0 4 _221
_a343.3
_bAC . T
092 0 4 _221
099 _aLaw1 10 343.3 AC . T 1874
100 1 _aLe Sellyer, Achille-François.
_eAuteur
245 1 0 _aTraité De L'exercice Et De L'extinction Des Actions Publique Et Privée :
_bQui Naissent Des Contraventions, Des Délits Et Des Crimes /
_c Par Achille-françois Le Sellyer.
_nTome Deuxieme
250 _aDeuxième édition augmentée d'un supplément.
264 1 _aParis :
_bA. Durand et Pedone-Lauriel,
_c1874.
300 _a605page ;
_c 24 cm.
336 _2rda contenu
_a texte
337 _2rda medias
_aOrdinateur
338 _2 transporteur rda
_a Ressource en ligne
546 0 _aTexte en français
650 1 _aDroit pénal
_2qrmak
650 1 _aAction publique
651 1 _2qrmak
856 4 0 _uhttps://fll.law.cu.edu.eg/fulltext/bks/B10-00241.pdf
905 _a167
942 _2ddc
_cBK
_e21
_n0
999 _c71612
_d71612